000 00464pab a2200169 454500
008 180718b1997 xxu||||| |||| 00| 0 eng d
100 _aHayase, Yasuko
245 _aFactors on polygamy in Sub-Saharan Africa: findings based on the demographic and health survey
260 _c1997
300 _ap.293-327
362 _aSep
650 _aMarriage - Africa
650 _aMarriage
700 _aLiaw, Kao-Lee
773 _aDeveloping Economies
909 _a36729
999 _c36729
_d36729